000 00663nam a2200289Ia 4500
005 20260324150433.0
008 008 260324s9999 xx 000 0 eng d
020 _a9781003611738
037 _aEBOOK
040 _aCRL
040 _beng
040 _cCRL
041 _2eng
041 _aeng
084 _qCRL
100 _aFreda Conway
_91226413
245 0 _aSampling
245 3 _bAn Introduction for Social Scientists
260 _bTaylor and Francis
260 _c1967
365 _a
365 _b135
856 _uhttp://www.taylorfrancis.com/books/9781003611738
942 _cEBOOK
999 _c1835858
_d1835858